Urbanisation and Urban centres under the graet mughals 1556- 1707 (Record no. 410344)

000 -LEADER
fixed length control field 00468cam a22001337a 4500
008 - FIXED-LENGTH DATA ELEMENTS--GENERAL INFORMATION
fixed length control field 180718b1972 xxu||||| |||| 00| 0 eng d
082 ## - DEWEY DECIMAL CLASSIFICATION NUMBER
Classification number Tox54 N163
100 ## - MAIN ENTRY--PERSONAL NAME
Personal name Naqvi, Hameeda Khatoon
245 ## - TITLE STATEMENT
Title Urbanisation and Urban centres under the graet mughals 1556- 1707
Statement of responsibility, etc. by Hameeda Khatoon Naqvi
260 ## - PUBLICATION, DISTRIBUTION, ETC.
Place of publication, distribution, etc. Simla
Name of publisher, distributor, etc. Indian Institute of advanced study
Date of publication, distribution, etc. 1972
300 ## - PHYSICAL DESCRIPTION
Extent 210p
650 ## - SUBJECT ADDED ENTRY--TOPICAL TERM
Topical term or geographic name entry element Cities and towns --Growth --History.
650 ## - SUBJECT ADDED ENTRY--TOPICAL TERM
Topical term or geographic name entry element Urbanization --India --History
Holdings
Withdrawn status Lost status Damaged status Not for loan Permanent Location Current Location Date acquired Full call number Barcode Date last seen Price effective from Koha item type
        Indian Institute of Public Administration Indian Institute of Public Administration 2009-01-16 Tox54 N163 DA4084 2018-07-21 2018-07-21 DA

Powered by Koha